000 00480nam a2200169Ia 4500
008 100917s9999 xx 000 0 und d
082 _b14636
100 _aभिडे भि. गो.
245 _aपरिचारिका आणि
260 _b---
_c1924
365 _b5
520 _aकादंबरी
630 _aपरिचारिका आणि
650 _aकादंबरी
730 _aपरिचारिका आणि
942 _cBOOK
999 _c620030
_d620027